Datum a čas kvízu

24 Celkem bodů Celkový počet nahraných bodů na tomto kvízu bez doplňovacích otázek.
10. Pořadí na kvízu Konečné umístění týmu na tomto kvízu.

Zaznamenané odpovědi

# Otázka Odpověď Body Výsledky
5. Určitě si vybavíte, jak vypadá... modrou 0
5. Kim Čong-Il, Adolf Hitler, Idi... Mercedes 0
5. Jak se jmenovala značka, která... Maybach 0
5. Díváme se na legendární užitko... Transporter 0
5. Opel je součástí skupiny Group... B 0
11. Nyní se vzdálíme od Tolkienova... Fritol Šourek 0
12. Legolas a Gimli spolu vycházel... Glóin 0
13. Poté, co Boromir padl, byl svý... štít 1
14. Přiřaďte české překlady hobití... 1D 2A 3B 4C 1
15. Aragornův otec Arathorn zemřel... Elrond 0